000 00413nam a2200145Ia 4500
008 231129s1981||||xx |||||||||||||| ||spa||
020 _a896-24-0590-4
040 _bspa
082 _a370.777 H887ó
100 _aHuerta Ibarra José
245 0 _aOrganización lógica de las experiencias de aprendizaje
260 _c1981
264 _aTrillas-Anuies
942 _2ddc
_cBKS
999 _c22160
_d22160